Statistics for NBA All-Time Career Three Point Percentage Leaders

Click here to take the quiz!

General Stats

  • This quiz has been taken 20 times
  • The average score is 5 of 20

Answer Stats

Team%Answer% Correct
BKN.4353Seth Curry
100%
GSW.4275Stephen Curry
100%
GSW.4161Klay Thompson
61%
CHI.4540Steve Kerr
56%
ATL.4287Kyle Korver
50%
PHO.4278Steve Nash
50%
NJN.4374Dražen Petrović
22%
PHI.4145J.J. Redick
17%
NYK.4301Steve Novak
17%
MEM.4255Desmond Bane
11%
BKN.4372Joe Harris
11%
MIA.4336Jason Kapono
6%
DET.4370Luke Kennard
6%
DEN.4171Michael Porter Jr.
6%
OKC.4166Anthony Morrow
0%
CHI.4249B.J. Armstrong
0%
NYK.4409Hubert Davis
0%
SAS.4145Matt Bonner
0%
WAS.4312Tim Legler
0%
CLE.4176Wesley Person
0%

Score Distribution

Percentile by Number Answered

Percent of People with Each Score

Your Score History

You have not taken this quiz